Music Quiz

Random Music or Clip Quiz

1970s Rock (Audio) Quiz Stats

 Plays Quiz not verified by Sporcle

Challenge
Share
Tweet
Score 0/30 Timer 11:00
0 Plays Today
Interval Song % Correct
3:20The Boys Are Back In Town
82.1%
0:10All Right Now
75.9%
0:50Won't Get Fooled Again
71%
2:00You Ain't Seen Nothing Yet
67.8%
4:40Comfortably Numb
64.2%
3:30Only The Good Die Young
62.6%
1:10Walk On The Wild Side
62.2%
0:30War Pigs/Luke's Wall
60.1%
1:30Radar Love
58.1%
1:50Band On The Run
56.5%
0:00Up Around The Bend
54.8%
4:10Hold The Line
54.2%
1:40Simple Man
51.5%
2:50Slow Ride
50%
4:20Eruption
49%
Interval Song % Correct
3:50The Chain
46.7%
1:20Roundabout
44.7%
0:40L.A. Woman
43.4%
3:40Godzilla
42%
2:10Black Water
41.8%
2:20It's Only Rock & Roll (But I Like It)
33.7%
2:30How Long
32.3%
4:00Double Vision
32.2%
4:30I Can't Tell You Why
19.4%
3:00Shout It Out Loud
18.1%
3:10Achilles' Last Stand
16.8%
0:20Question
13.9%
2:40Backstreets
9.1%
4:50The Bed's Too Big Without You
7.7%
1:00Watcher Of The Skies
3.4%

You're not logged in!

Compare scores with friends on all Sporcle quizzes.
OR
Log In

You Might Also Like...

Show Comments

Extras

Top Quizzes Today


Score Distribution

Your Account Isn't Verified!

In order to create a playlist on Sporcle, you need to verify the email address you used during registration. Go to your Sporcle Settings to finish the process.

Report this User

Report this user for behavior that violates our Community Guidelines.

Details: